| 000 | 00448nam a2200193Ia 4500 | ||
|---|---|---|---|
| 005 | 20240823012442.0 | ||
| 008 | 240823s9999||||xx |||||||||||||| ||und|| | ||
| 020 | _a0-521-63453-9 | ||
| 041 | _aENGLISH | ||
| 082 | _A418 | ||
| 100 | _aCambridge | ||
| 245 | 0 | _aInternational Dictionary of phrasal Verbs | |
| 250 | _a1st | ||
| 260 |
_c2002 _bCambridge New |
||
| 500 | _aYES | ||
| 650 |
_aDictionary _bEnglish |
||
| 942 | _cBK | ||
| 999 |
_c164441 _d164441 |
||